000 00529nam a2200169Ia 4500
008 140529s9999 xx 000 0 und d
020 _a9780415267656
050 _aN 6923.B9
_b.St65 2002
100 _aStokes, Adrian.
245 _aMichelangelo :
_ba study in the nature of art /
_cAdrian Stokes ; with a new introduction by Richard Wollheim
260 _aLondon ; New York :
_bRoutledge,
_cc2002.
300 _a166 p. :
_bill. ;
_c20 cm.
500 _aIncludes index.
521 _aGE
942 _kFOR
_cBK
999 _c117755
_d117755